LEADER 01445nam0-2200385li-450 001 990000136050203316 005 20180312154649.0 035 $a0013605 035 $aUSA010013605 035 $a(ALEPH)000013605USA01 035 $a0013605 100 $a20001109d1974----km-y0itay0103----ba 101 0 $aeng 102 $aGW 200 1 $aIntroduction to the theory and application of the Laplace trasformation ... and a Table of Laplace trasforms$fGustav Doetsch$gtraslation by Walter Nader 210 $aBerlin [etc.]$cSpringer-Verlag$d1974 215 $aVII, 326 p.$cill.$d24 cm. 312 $aTrad. di: einführung in theorie und anwendung der laplace-transformation 312 $aTrad. di: Einführung in Theorie und Anwendung der Laplace-Trasformation 454 0$12001$aEinführung in Theorie und Anwendung der Laplace-Trasformation$91486757 610 1 $afrechet, algebra di 676 $a515723$9Coniugate (Operatori integrali) 700 1$aDoetsch,$bGustav$0659 702 1$aNader,$bWalter 801 $aSistema bibliotecario di Ateneo dell' Università di Salerno$gRICA 912 $a990000136050203316 951 $a515.723 DOE$b0026183 959 $aBK 969 $aTEC 979 $c19891024 979 $c20001110$lUSA01$h1711 979 $c20020403$lUSA01$h1621 979 $aPATRY$b90$c20040406$lUSA01$h1610 996 $aEinführung in Theorie und Anwendung der Laplace-Trasformation$91486757 997 $aUNISA LEADER 01497oam 2200469 450 001 9910711632403321 005 20210916152041.0 035 $a(CKB)5470000002485739 035 $a(OCoLC)1078895477 035 $a(EXLCZ)995470000002485739 100 $a20181213d2018 ua 0 101 0 $aeng 135 $aurbn||||||||| 181 $ctxt$2rdacontent 182 $cc$2rdamedia 183 $acr$2rdacarrier 200 10$aBusiness meeting $emarkup of Committee Resolution 115-19 : hearing before the Committee on House Administration, House of Representatives, One Hundred Fifteenth Congress, second session, June 26, 2018 210 1$aWashington :$cU.S. Government Publishing Office,$d2018. 215 $a1 online resource (ii, 4 pages) 517 $aBusiness meeting 606 $aVeterans$xMedical care$xData processing$xFinance$xGovernment policy$zUnited States 606 $aExpenditures, Public$2fast 607 $aUnited States$2fast 608 $aLegislative hearings.$2fast 608 $aLegislative hearings.$2lcgft 615 0$aVeterans$xMedical care$xData processing$xFinance$xGovernment policy 615 7$aExpenditures, Public. 801 0$bGPO 801 1$bGPO 801 2$bGPO 801 2$bMERUC 801 2$bOCLCF 801 2$bIAD 801 2$bOCLCO 801 2$bUPM 801 2$bDWP 801 2$bOCLCQ 801 2$bGPO 906 $aBOOK 912 $a9910711632403321 996 $aBusiness meeting$93184312 997 $aUNINA